000 00818nam a2200253Ia 4500
003 OSt
005 20221005112626.0
006 a|||||r|||| 00| 0
007 ta
008 221004b |||||||| |||| 00| 0 pan d
020 _a9789384306199 (hbk)
_c100
024 _a26929
037 _b979, 16/12/2015, H.K. Prakashan
_cTextual
040 _aCRL
_cCRL
_bpan
041 _2pan
_apan
082 _aO153,1N34x, Q4
100 _aਸਿੰਘ, ਰਾਜਿੰਦਰ
245 0 _aਇFਕ ਦੀ ਈੜੀ
260 _aਜਲੰਦਰ
_bਪੰਜ ਆਬ ਭਾਰਤ
_c2014
300 _a80ਪੰ
_ccm.
650 _aਪੰਜਾਬੀ ਸਾਹਿਤ
942 _hO153,1N34x, Q4
_cTEXL
_2cc
999 _c1025445
_d1025445